|
|
|
|
| LEADER |
00000naa2a2200000 4500 |
| 001 |
187644 |
| 005 |
20231031174039.0 |
| 035 |
|
|
|a (RuTPU)RU\TPU\book\203607
|
| 090 |
|
|
|a 187644
|
| 100 |
|
|
|a 20101118d2010 k y0rusy50 ca
|
| 101 |
0 |
|
|a rus
|
| 102 |
|
|
|a RU
|
| 200 |
1 |
|
|a Перспективы развития сетевых фотоэлектростанций
|f С. В. Пуцко
|
| 320 |
|
|
|a Библиогр.: 6 назв.
|
| 463 |
|
0 |
|0 (RuTPU)RU\TPU\book\196586
|t Электроэнергия: от получения и распределения до эффективного использования
|o материалы Всероссийской научно-технической конференции, 25-28 мая 2010 г., Томск
|f Национальный исследовательский Томский политехнический университет (НИ ТПУ)
|v С. 300-302
|d 2010
|p 351 с.
|
| 610 |
1 |
|
|a возобновляемые источники энергии
|
| 610 |
1 |
|
|a сетевые электростанции
|
| 610 |
1 |
|
|a фотоэлектрические установки
|
| 610 |
1 |
|
|a фотоэнергетика
|
| 610 |
1 |
|
|a труды учёных ТПУ
|
| 700 |
|
1 |
|a Пуцко
|b С. В.
|
| 801 |
|
1 |
|a RU
|b 63413507
|c 20101118
|
| 942 |
|
|
|c BK
|